Douglas Fir / (Record no. 6961)

MARC details
000 -LEADER
fixed length control field 00863nam a22002657a 4500
001 - CONTROL NUMBER
control field 6961
003 - CONTROL NUMBER IDENTIFIER
control field FISKH
005 - DATE AND TIME OF LATEST TRANSACTION
control field 20250827091718.0
008 - FIXED-LENGTH DATA ELEMENTS--GENERAL INFORMATION
fixed length control field 250612b cb ||||| |||| 00| 0 eng d
020 ## - INTERNATIONAL STANDARD BOOK NUMBER
International Standard Book Number 9780516260648
040 ## - CATALOGING SOURCE
Original cataloging agency FISKH
Language of cataloging eng
Transcribing agency FISKH
Modifying agency FISKH
050 ## - LIBRARY OF CONGRESS CALL NUMBER
Classification number QK494.P66 D38
082 ## - DEWEY DECIMAL CLASSIFICATION NUMBER
Classification number 585.2
100 ## - MAIN ENTRY--PERSONAL NAME
Personal name Davis, Wendy
245 ## - TITLE STATEMENT
Title Douglas Fir /
Statement of responsibility, etc. Wendy Davis
260 ## - PUBLICATION, DISTRIBUTION, ETC.
Place of publication, distribution, etc. New York :
Name of publisher, distributor, etc. Children't Press,
Date of publication, distribution, etc. 1997.
300 ## - PHYSICAL DESCRIPTION
Extent 31 pages :
Other physical details collor illustrations ;
Dimensions 21 x 23 cm
505 ## - FORMATTED CONTENTS NOTE
Formatted contents note K<br/>
520 ## - SUMMARY, ETC.
Summary, etc. Describes the growth of a Douglas fir sapling in an old growth forest in the northwestern United States and the other plants and animals that are part of its habitat.
521 8# - TARGET AUDIENCE NOTE
Target audience note 510<br/>
Source Lexile estimate<br/>
521 8# - TARGET AUDIENCE NOTE
Target audience note K<br/>
Source Raz-Plus<br/>
650 ## - SUBJECT ADDED ENTRY--TOPICAL TERM
Topical term or geographic name entry element Forest
Form subdivision Forest Ecology
General subdivision Habitats
942 ## - ADDED ENTRY ELEMENTS (KOHA)
Source of classification or shelving scheme Dewey Decimal Classification
Koha item type Books
Suppress in OPAC No
Holdings
Withdrawn status Lost status Source of classification or shelving scheme Damaged status Not for loan Collection Home library Current library Shelving location Date acquired Total Checkouts Full call number Barcode Date last seen Copy number Price effective from Koha item type Date last checked out
    Dewey Decimal Classification     Non-Fiction Footprints International School Library Network Toul Kork Campus Footprints International School Library Network Toul Kork Campus TK Primary Library Room(4th Floor), Bookcase 3&4, Shelves 17-32, Yellow Books 06/12/2025   DAV 585.2 QK494.P66 D38 FISBK06025 06/12/2025 1 06/12/2025 Books  
    Dewey Decimal Classification     Non-Fiction Footprints International School Library Network Toul Tom Poung Campus Footprints International School Library Network Toul Tom Poung Campus TTP Primary Yellow Bookshelves 08/27/2025 1 DAV 585.2 QK494.P66 D38 FISTK02425 01/29/2026 2 08/27/2025 Books 01/22/2026